Normal view
MARC view
- McDowall Robert
Entry Personal Name
001 - CONTROL NUMBER
- control field: 86933
003 - CONTROL NUMBER IDENTIFIER
- control field: NUST
005 - DATE AND TIME OF LATEST TRANSACTION
- control field: 20211222122523.0
008 - FIXED-LENGTH DATA ELEMENTS
- fixed length control field: 211222|| aca||aabn | a|a d
040 ## - CATALOGING SOURCE
- Original cataloging agency: NUST
- Transcribing agency: NUST
100 ## - HEADING--PERSONAL NAME
- Personal name: McDowall Robert
670 ## - SOURCE DATA FOUND
- Source citation: Work cat.: (NUST)32636: McDowall Robert, Fundamentals of HVAC Systems /, June 2006
